1506 1272 1506 1276 1866 1132 1015 1530 1848 1463 1092 1616 1359 1449 1161 1555 1655 1838 1762 1885 1451 1585 1938 1646 1194 1696 1919 1888 1089 1974 1669 1919 1355 1486 1870 1744 1386 1789 1443 1108 1543 1924 1116 1739 1148 1456 1239 1141 1130 1712 1998 1322 1784 1708 1545 1863 1622 1549 1598 1943 2000 1564 1773 1834 1332 1904 2000 1714 1336 1009 1239 1969 1660 1598 1805 1004 1940 1042 1273 1617 1421 1936 1746 1204 1071 1963 1086 1172 1449 1004 1311 1057 1577 1965 1977 1455 1101 1818 1039 BCNSPRNW ULIB Ver.6.0+V

เปลี่ยนเป็นภาษาไทย

Change to English
 แสดงรายละเอียดบรรณานุกรม
  กลับหน้าหลัก

Brief Record : Get Marc (ISO 2709) : E-mail record : QR code < ปิดหน้าต่าง
LEADER : 00000nam 2200000uu 4500
001    13399110966
003     ULIB
008    110614s||||||||th 000 0 tha d
020    9789740600312
050  4 AC158^bค451ว 2551
100 1  ฮยอนมิน, คิม
245 10 วิทยาศาสตร์ฉลาดรู้ เรื่อง โลกของแมลง /^cคิมฮยอนมิน,เรื่องและภาพ ; อิงอร ศรีเกษ, แปล
250    พิมพ์ครั้งที่ 1
260    กรุงเทพฯ :^bอัมรินทร์คอมมิกส์,^c2551
300    197 หน้า :^bภาพประกอบ ;^c21 ซม.
440  0 ชุดวิทยาศาสตร์ฉลาดรู้ ;^vลำดับที่ 8
650  7 การ์ตูน
650  7 แมลง^xวรรณกรรมสำหรับเด็ก
650  7 วรรณกรรมเกาหลี
650  7 วรรณกรรมสำหรับเด็ก
700 0  อิงอร ศรีเกษ,^eผู้แปล
945    ^p199^l0^i024352
995    ทศพร
999 ^a ใช้งานได้ทุกระบบ
รายการนี้ยังไม่มีแท็ก
คุณยังไม่ได้ล็อกอิน คุณสามารถมีกิจกรรมร่วมกับเว็บไซต์ได้ แต่ต้องล็อกอินก่อน ::
  ล็อกอิน

รายการสื่อสารสนเทศ

ลำดับที่ ประเภท เลขเรียก/บาร์โค้ด สถานที่ สถานะ
- ไม่พบข้อมูล -

รายการใกล้เคียง
    ผู้แต่ง [ฮยอนมิน, คิม]

    หัวเรื่อง [การ์ตูน]
    หัวเรื่อง [วรรณกรรมเกาหลี]
    หัวเรื่อง [วรรณกรรมสำหรับเด็ก]

BibComment


ยังไม่เคยถูกคอมเมนท์

คอมเมนท์ทรัพยากรรายการนี้
  คอมเมนท์: วิทยาศาสตร์ฉลาดรู..


 Copyright 2026. Bcnsprnw @Library